Normal view
MARC view
Entry Personal Name
001 - CONTROL NUMBER
- control field: 57693
003 - CONTROL NUMBER IDENTIFIER
- control field: OSt
005 - DATE AND TIME OF LATEST TRANSACTION
- control field: 20251104165943.0
008 - FIXED-LENGTH DATA ELEMENTS
- fixed length control field: 251104|| aca||aabn | a|a d
040 ## - CATALOGING SOURCE
- Original cataloging agency: OSt
- Transcribing agency: OSt
100 ## - HEADING--PERSONAL NAME
- Personal name: Doornik, B.V., Gomes, A. Schoenherr, D. and Skrastins, J.
670 ## - SOURCE DATA FOUND
- Source citation: Work cat.: (OSt)527489: Doornik, B.V., Gomes, A. Schoenherr, D. and Skrastins, J. , Financial access and labor market outcomes: Evidence from credit lotteries
